Score 0/20 Timer 02:00
0 Plays Today
Hint Answer % Correct
Defense Against the Dark Arts Teachers' Last Names*Offense is the Best Defense!
94.1%
Pets Allowed at HogwartsHow Cute!
91.6%
Weasley ParentsThat's a lot of kids!
91.3%
Positions in QuidditchChase those Answers!
90.9%
Hogwarts HousesIn The House!
90.8%
Wand Cores Ollivander UsesWhat a Core Value!
87.6%
Marauder NicknamesMapped it Out!
87%
Triwizard Champions*Triple (Quadruple?) Play!
86.8%
Horcruxes Destroyed by Current Hogwarts StudentsSoul Splitting!
83.1%
5 Most Mentioned SpellsSpellbound!
81.7%
Hint Answer % Correct
Broomstick Manufacturers Mentioned*A Clean Sweep!
78.7%
Newspapers Mentioned in the BooksWell read!
77.8%
Ministers of Magic*Head of Magic!
77.8%
Living People the Basilisk has Petrified*Stone Cold!
77.2%
Types of Wizarding CoinsThat's Rich!
75.8%
Pubs in HogsmeadeDon't Hog It!
74.3%
O.W.L Grades (Full Word)Outstanding!
74.2%
Dumbledores besides AlbusSo, Fantastic Beasts...
70.9%
Schools of Magic besides HogwartsOui Oui!
66.7%
Peverell BrothersHow Deathly!
47.1%
Remove Ads.
Support Sporcle.
Get the best of Sporcle when you Go Orange. This ad-free experience offers more features, more stats, and more fun while also helping to support Sporcle. Thank you for becoming a member.

You're not logged in!

Compare scores with friends on all Sporcle quizzes.
OR
Log In

Show Comments

Extras

Top Quizzes Today


Score Distribution

Your Account Isn't Verified!

In order to create a playlist on Sporcle, you need to verify the email address you used during registration. Go to your Sporcle Settings to finish the process.

Report this User

Report this user for behavior that violates our Community Guidelines.

Details: